<?xml version="1.0" encoding="UTF-8"?>
<record
    xmlns:xsi="http://www.w3.org/2001/XMLSchema-instance"
    xsi:schemaLocation="http://www.loc.gov/MARC21/slim http://www.loc.gov/standards/marcxml/schema/MARC21slim.xsd"
    xmlns="http://www.loc.gov/MARC21/slim">

  <leader>02801cam a2200373 a 4500</leader>
  <controlfield tag="001">16044969</controlfield>
  <controlfield tag="003">OSt</controlfield>
  <controlfield tag="005">20210414114602.0</controlfield>
  <controlfield tag="008">100107s2011    nyua     b    001 0 eng  </controlfield>
  <datafield tag="010" ind1=" " ind2=" ">
    <subfield code="a">  2009053484</subfield>
  </datafield>
  <datafield tag="020" ind1=" " ind2=" ">
    <subfield code="a">9780073377339 (hc : alk. paper)</subfield>
  </datafield>
  <datafield tag="020" ind1=" " ind2=" ">
    <subfield code="a">0073377333 (hc : alk. paper)</subfield>
  </datafield>
  <datafield tag="035" ind1=" " ind2=" ">
    <subfield code="a">(OCoLC)ocn436028040</subfield>
  </datafield>
  <datafield tag="040" ind1=" " ind2=" ">
    <subfield code="a">DLC</subfield>
    <subfield code="c">DLC</subfield>
    <subfield code="d">DLC</subfield>
  </datafield>
  <datafield tag="042" ind1=" " ind2=" ">
    <subfield code="a">pcc</subfield>
  </datafield>
  <datafield tag="043" ind1=" " ind2=" ">
    <subfield code="a">n-us---</subfield>
  </datafield>
  <datafield tag="050" ind1="0" ind2="0">
    <subfield code="a">HG2040.5.U5B78 </subfield>
  </datafield>
  <datafield tag="082" ind1="0" ind2="0">
    <subfield code="a">332.7/2</subfield>
    <subfield code="2">22</subfield>
  </datafield>
  <datafield tag="100" ind1="1" ind2=" ">
    <subfield code="a">Brueggeman, William B.</subfield>
  </datafield>
  <datafield tag="245" ind1="1" ind2="0">
    <subfield code="a">Real estate finance and investments. /</subfield>
    <subfield code="c">William B. Brueggeman and Jeffrey D. Fisher.</subfield>
  </datafield>
  <datafield tag="250" ind1=" " ind2=" ">
    <subfield code="a">14th ed.</subfield>
  </datafield>
  <datafield tag="260" ind1=" " ind2=" ">
    <subfield code="a">New York :</subfield>
    <subfield code="b">McGraw-Hill/ Irwin,</subfield>
    <subfield code="c">2011.</subfield>
  </datafield>
  <datafield tag="300" ind1=" " ind2=" ">
    <subfield code="a">xviii, 760 p. :</subfield>
    <subfield code="b">ill. ;</subfield>
    <subfield code="c">27 cm.</subfield>
  </datafield>
  <datafield tag="490" ind1="1" ind2=" ">
    <subfield code="a">The McGraw-Hill/Irwin series in finance, insurance, and real estate</subfield>
  </datafield>
  <datafield tag="500" ind1=" " ind2=" ">
    <subfield code="a">Includes index.</subfield>
  </datafield>
  <datafield tag="505" ind1=" " ind2=" ">
    <subfield code="a">Contents: Part 1: Overview of real estate finance and investments: 1. Real estates investment: Basic legal concepts -- 2. Real estates financing: notes and mortgages -- Part 2: Mortgage loans: 3. Mortgage loan foundations: the time value of money  --  4. Fixed interest rate mortgage loans -- 5. Adjustable and floating rate mortgage loans -- 6. Mortgages: additional concepts, analysis, and applications -- Part 3: Residential housing: 7. Single family housing: pricing, investment, and tax considerations -- 8. Underwriting and financing residential properties -- Part 4: Income-producing properties: 9. Income-properties: leases, rents, and the market space -- 10. Valuation of income properties: appraisal and the market for capital -- 11. Investment analysis and taxation of income properties -- 12. Financial leverage and financing alternatives -- 13. Risk analysis -- 14. Disposition and renovation of income properties -- 15. Financing corporate real estate -- Part 5: Financing real estate development: 16. Financial project development -- 17. Financial land development projects -- Part 6: Alternative real estate financing and investment vechicles: 18: Structuring real estate investments: organizational forms and joint ventures -- 19. The secondary mortgage market: pass-through securities -- 20. The secondary mortgage market: CMOs and derivative securities -- 21. Real estate investment trusts (REITs) -- 22. Real estate investment performance and portfolio considerations. </subfield>
  </datafield>
  <datafield tag="650" ind1=" " ind2="0">
    <subfield code="a">Mortgage loans</subfield>
    <subfield code="z">United States.</subfield>
  </datafield>
  <datafield tag="650" ind1=" " ind2="0">
    <subfield code="a">Real property</subfield>
    <subfield code="z">United States</subfield>
    <subfield code="x">Finance.</subfield>
  </datafield>
  <datafield tag="700" ind1="1" ind2=" ">
    <subfield code="a">Fisher, Jeffrey D.</subfield>
  </datafield>
  <datafield tag="830" ind1=" " ind2="0">
    <subfield code="a">McGraw-Hill/Irwin series in finance, insurance, and real estate.</subfield>
  </datafield>
  <datafield tag="906" ind1=" " ind2=" ">
    <subfield code="a">7</subfield>
    <subfield code="b">cbc</subfield>
    <subfield code="c">orignew</subfield>
    <subfield code="d">1</subfield>
    <subfield code="e">ecip</subfield>
    <subfield code="f">20</subfield>
    <subfield code="g">y-gencatlg</subfield>
  </datafield>
  <datafield tag="942" ind1=" " ind2=" ">
    <subfield code="2">lcc</subfield>
    <subfield code="c">BK</subfield>
  </datafield>
  <datafield tag="999" ind1=" " ind2=" ">
    <subfield code="c">6617</subfield>
    <subfield code="d">14117</subfield>
  </datafield>
  <datafield tag="952" ind1=" " ind2=" ">
    <subfield code="0">0</subfield>
    <subfield code="1">0</subfield>
    <subfield code="2">lcc</subfield>
    <subfield code="4">0</subfield>
    <subfield code="7">0</subfield>
    <subfield code="a">WIUC-1</subfield>
    <subfield code="b">WIUC-1</subfield>
    <subfield code="c">REF</subfield>
    <subfield code="d">2018-08-01</subfield>
    <subfield code="l">0</subfield>
    <subfield code="o">HG2040.5.U5B78</subfield>
    <subfield code="p">8294/113/18</subfield>
    <subfield code="r">2018-08-01 00:00:00</subfield>
    <subfield code="t">1</subfield>
    <subfield code="w">2018-08-01</subfield>
    <subfield code="y">BK</subfield>
  </datafield>
  <datafield tag="952" ind1=" " ind2=" ">
    <subfield code="0">0</subfield>
    <subfield code="1">0</subfield>
    <subfield code="2">lcc</subfield>
    <subfield code="4">0</subfield>
    <subfield code="7">0</subfield>
    <subfield code="a">WIUC-1</subfield>
    <subfield code="b">WIUC-1</subfield>
    <subfield code="c">REF</subfield>
    <subfield code="d">2018-08-01</subfield>
    <subfield code="l">0</subfield>
    <subfield code="o">HG2040.5.U5B781</subfield>
    <subfield code="p">8295/114/18</subfield>
    <subfield code="r">2018-08-01 00:00:00</subfield>
    <subfield code="t">2</subfield>
    <subfield code="w">2018-08-01</subfield>
    <subfield code="y">BK</subfield>
  </datafield>
  <datafield tag="952" ind1=" " ind2=" ">
    <subfield code="0">0</subfield>
    <subfield code="1">0</subfield>
    <subfield code="2">lcc</subfield>
    <subfield code="4">0</subfield>
    <subfield code="7">0</subfield>
    <subfield code="a">WIUC-1</subfield>
    <subfield code="b">WIUC-1</subfield>
    <subfield code="c">REF</subfield>
    <subfield code="d">2018-08-01</subfield>
    <subfield code="l">0</subfield>
    <subfield code="o">HG2040.5.U5B782</subfield>
    <subfield code="p">8296/115/18</subfield>
    <subfield code="r">2018-08-01 00:00:00</subfield>
    <subfield code="t">3</subfield>
    <subfield code="w">2018-08-01</subfield>
    <subfield code="y">BK</subfield>
  </datafield>
  <datafield tag="952" ind1=" " ind2=" ">
    <subfield code="0">0</subfield>
    <subfield code="1">0</subfield>
    <subfield code="2">lcc</subfield>
    <subfield code="4">0</subfield>
    <subfield code="7">0</subfield>
    <subfield code="a">WIUC-1</subfield>
    <subfield code="b">WIUC-1</subfield>
    <subfield code="c">REF</subfield>
    <subfield code="d">2018-08-01</subfield>
    <subfield code="l">0</subfield>
    <subfield code="o">HG2040.5.U5B783</subfield>
    <subfield code="p">8297/116/18</subfield>
    <subfield code="r">2018-08-01 00:00:00</subfield>
    <subfield code="t">4</subfield>
    <subfield code="w">2018-08-01</subfield>
    <subfield code="y">BK</subfield>
  </datafield>
  <datafield tag="952" ind1=" " ind2=" ">
    <subfield code="0">0</subfield>
    <subfield code="1">0</subfield>
    <subfield code="2">lcc</subfield>
    <subfield code="4">0</subfield>
    <subfield code="7">0</subfield>
    <subfield code="a">WIUC-1</subfield>
    <subfield code="b">WIUC-1</subfield>
    <subfield code="c">REF</subfield>
    <subfield code="d">2018-08-01</subfield>
    <subfield code="l">0</subfield>
    <subfield code="o">HG2040.5.U5B784</subfield>
    <subfield code="p">8298/117/18</subfield>
    <subfield code="r">2018-08-01 00:00:00</subfield>
    <subfield code="t">5</subfield>
    <subfield code="w">2018-08-01</subfield>
    <subfield code="y">BK</subfield>
  </datafield>
</record>
